000 01260nam a22003014a 4500
001 ebr10057414
003 CaPaEBR
006 m u
007 cr cn|||||||||
008 020621s2003 enka sb 001 0 eng
010 _z 2002026756
020 _z0333919696 (cloth)
040 _aCaPaEBR
_cCaPaEBR
035 _a(OCoLC)54806855
050 1 4 _aRA778
_b.W775 2003eb
082 0 4 _a613/.042
_221
245 0 0 _aWomen's minds, women's bodies
_h[electronic resource] :
_binterdisciplinary approaches to women's health /
_cedited by Gwyneth Boswell and Fiona Poland.
260 _aHoundmills, Basingstoke, Hampshire ;
_aNew York, NY :
_bPalgrave Macmillan,
_c2003.
300 _axv, 258 p. :
_bill.
504 _aIncludes bibliographical references (p. 221-246) and indexes.
533 _aElectronic reproduction.
_bPalo Alto, Calif. :
_cebrary,
_d2013.
_nAvailable via World Wide Web.
_nAccess may be limited to ebrary affiliated libraries.
650 0 _aWomen
_xHealth and hygiene.
655 7 _aElectronic books.
_2local
700 1 _aBoswell, Gwyneth.
700 1 _aPoland, Fiona.
710 2 _aebrary, Inc.
856 4 0 _uhttp://site.ebrary.com/lib/rucke/Doc?id=10057414
_zAn electronic book accessible through the World Wide Web; click to view
999 _c71713
_d71713